000 01125nam a2200253 i 4500
001 180887
003 ES-MaACL
005 20230930213301.0
008 120809s2002 sp a |||| |dspa d
020 _a84-95058-97-9
080 _a328(460)(089.3)
100 1 _aBartolomé Martínez, Gregorio.
_926174
245 1 0 _aMenos leones :
_basí eran sus señorías a los diez años de la Constitución : crónicas parlamentarias publicadas en el periódico YA entre 1987-1989 /
_cGregorio Bartolomé Martínez.
246 3 7 _aCrónicas parlamentarias :
_bpublicadas en el periódico YA entre 1987-1989
260 _aMadrid :
_bEdiciones 2010,
_c[2002]
300 _aX, 360 p. :
_bil. ;
_c24 cm.
500 _aÍndice onomástico.
610 1 4 _aEspaña.
_bCortes Generales-
_vAnécdotas.
_9151255
650 4 _aParlamentarios-
_zEspaña-
_vAnécdotas.
_9151256
852 4 _aES-MaACL
_jA-12166
_9187766
_bR.146925
_cDEPO1
_dOlim: N-5171
_xDonación: Gregorio Bartolomé Martínez
_zDedicatoria autógrafa del autor
903 _926174
_aBartolomé Martínez, Gregorio
_ednr
942 _2udc
_cMONOGRAFIA
999 _c180887
_d180887